Statistics for Guess the countries + territories that start with K

Click here to take the quiz!

General Stats

  • This quiz has been taken 47 times
  • The average score is 6 of 6

Answer Stats

Answer% Correct
Kazakhstan
98%
Kenya
98%
Kiribati
98%
Kosovo
95%
Kyrgyzstan
95%
Kuwait
90%

Score Distribution

Percentile by Number Answered

Percent of People with Each Score

Your Score History

You have not taken this quiz